[Event "SR 4. liga A21 2018/2019"]
[Site "?"]
[Date "2019.01.06"]
[Round "6.5"]
[White "Bardik, Jozef"]
[Black "Diviak, Rudolf"]
[Result "0-1"]
[WhiteElo "1851"]
[BlackElo "1758"]
[PlyCount "136"]
[EventDate "2018.??.??"]
[WhiteTeam "CVÄŒ Senica B"]
[BlackTeam "Å K KÃºpele PieÅ¡Å¥any B"]

1. d4 d6 2. c4 Nf6 3. Nc3 g6 4. e4 Bg7 5. Nf3 O-O 6. Be2 Nbd7 7. O-O e5 8. d5
Ne8 9. Bg5 f6 10. Bh4 Qe7 11. Qc2 Qf7 12. h3 Kh8 13. Rab1 Rg8 14. Kh1 Nf8 15.
Nh2 g5 16. Bg3 h5 17. Nf3 Bh6 18. Ng1 g4 19. Qd1 f5 20. exf5 Bxf5 21. Bd3 Qh7
22. Bxf5 Qxf5 23. Qe2 Nh7 24. Rbe1 Nef6 25. h4 Raf8 26. Nd1 Qg6 27. b4 Bf4 28.
a4 Re8 29. Nc3 Bh6 30. a5 Qg7 31. Qc2 Re7 32. Re2 Nf8 33. Bh2 Ng6 34. g3 Rge8
35. Ne4 Rf8 36. Nc3 Ref7 37. Qd3 Qh7 38. Ra2 a6 39. Nge2 Ne7 40. Qd1 Ne4 41.
Nxe4 Qxe4+ 42. Kg1 Qxc4 43. Rb2 Qxd5 44. Qb1 Rf3 45. b5 Qf7 46. Qe1 Be3 47. Nc3
Bd4 48. Rc2 Qf5 49. Qd2 Bxc3 50. Rxc3 Rxc3 51. Qxc3 Nd5 52. Qb3 Qf3 53. Qb1 e4
54. bxa6 bxa6 55. Qc1 Rf6 56. Qc4 e3 57. fxe3 Qxe3+ 58. Kh1 Rxf1+ 59. Qxf1 Qf3+
60. Qxf3 gxf3 61. Bg1 c5 62. Bf2 Kg7 63. Kg1 Kf6 64. Be1 Kf5 65. Kf2 Kg4 66.
Bd2 Nc7 67. Bg5 Nb5 68. Be7 c4 0-1

[Event "SR 4. liga A21 2018/2019"]
[Site "?"]
[Date "2019.01.06"]
[Round "6.5"]
[White "Hrdlicka, Martin"]
[Black "Musaev, Matej Elbek"]
[Result "0-1"]
[WhiteElo "1465"]
[BlackElo "1747"]
[PlyCount "78"]
[EventDate "2018.??.??"]
[WhiteTeam "CVÄŒ Senica B"]
[BlackTeam "Å K KÃºpele PieÅ¡Å¥any B"]

1. e4 c5 2. Nf3 d6 3. d4 cxd4 4. Nxd4 Nf6 5. Nc3 a6 6. Bc4 e6 7. Bb3 b5 8. O-O
Bb7 9. Re1 Be7 10. f3 O-O 11. Bg5 h6 12. Be3 Re8 13. Qd2 Nbd7 14. Bxe6 fxe6 15.
Nxe6 Qc8 16. Bxh6 gxh6 17. Qxh6 Bf8 18. Qg6+ Kh8 19. Ng5 Re7 20. Nf7+ Rxf7 21.
Qxf7 Bg7 22. Rad1 b4 23. Nd5 Ne5 24. Qe7 Qc5+ 25. Kh1 Bxd5 26. exd5 Re8 27. Qb7
Rf8 28. Qxa6 Nfg4 29. fxg4 Nxg4 30. Re2 Qd4 31. Rde1 Qf4 32. g3 Qf3+ 33. Rg2
Nf2+ 34. Kg1 Bd4 35. Qc4 Nh3+ 36. Kh1 Bc5 37. Qh4+ Kg8 38. Qh6 Nf2+ 39. Kg1
Ng4+ 0-1

[Event "SR 4. liga A21 2018/2019"]
[Site "?"]
[Date "2019.01.06"]
[Round "6.5"]
[White "Sedlak, Rastislav"]
[Black "Drozd, Jan"]
[Result "1/2-1/2"]
[WhiteElo "1655"]
[BlackElo "1525"]
[PlyCount "56"]
[EventDate "2018.??.??"]
[WhiteTeam "Å K KÃºpele PieÅ¡Å¥any B"]
[BlackTeam "CVÄŒ Senica B"]

1. e4 c5 2. Nf3 Nc6 3. d4 cxd4 4. Nxd4 e5 5. Nb3 Nf6 6. Bd3 Be7 7. O-O O-O 8.
Nc3 d6 9. Be3 Ng4 10. Nd5 Nxe3 11. Nxe3 Be6 12. Bc4 Bxc4 13. Nxc4 b5 14. Ne3 a5
15. a4 b4 16. Nd5 Rc8 17. f4 exf4 18. Rxf4 Bg5 19. Rf1 Ne5 20. Nd4 Nc4 21. b3
Ne3 22. Nxe3 Bxe3+ 23. Kh1 Bxd4 24. Qxd4 Rxc2 25. Rad1 Qg5 26. Rf2 Rxf2 27.
Qxf2 Rc8 28. h3 Rc1 1/2-1/2

[Event "SR 4. liga A21 2018/2019"]
[Site "?"]
[Date "2019.01.06"]
[Round "6.5"]
[White "Bazovsky, Max"]
[Black "Divinec, Peter"]
[Result "1-0"]
[WhiteElo "1290"]
[BlackElo "1536"]
[PlyCount "41"]
[EventDate "2018.??.??"]
[WhiteTeam "CVÄŒ Senica B"]
[BlackTeam "Å K KÃºpele PieÅ¡Å¥any B"]

1. d4 f5 2. e3 Nf6 3. Bd3 g6 4. b3 Bg7 5. Bb2 O-O 6. Nd2 d6 7. Ngf3 Qe8 8. Bc4+
Kh8 9. h4 c6 10. Ng5 d5 11. Be2 Ne4 12. f3 Nxd2 13. Qxd2 h6 14. Nh3 e5 15. g4
exd4 16. Bxd4 fxg4 17. Bxg7+ Kxg7 18. Qd4+ Kh7 19. fxg4 Qe4 20. O-O-O Re8 21.
Ng5+ 1-0

[Event "SR 4. liga A21 2018/2019"]
[Site "?"]
[Date "2019.01.06"]
[Round "6.6"]
[White "Pericka, Tomas"]
[Black "Lajda, Dusan"]
[Result "1-0"]
[WhiteElo "1960"]
[BlackElo "1774"]
[PlyCount "77"]
[EventDate "2018.??.??"]
[WhiteTeam "CVÈ Brezová pod Bradlom"]
[BlackTeam "ZŠK Vrbové B"]

1. e4 c5 2. Nf3 d6 3. Bb5+ Bd7 4. Qe2 Bxb5 5. Qxb5+ Qd7 6. Nc3 Nc6 7. O-O Nd4
8. Nxd4 cxd4 9. Qxd7+ Kxd7 10. Ne2 Nf6 11. d3 e5 12. f4 Be7 13. c3 dxc3 14.
bxc3 Rhf8 15. Rb1 Rab8 16. c4 Ne8 17. Be3 b6 18. a4 Nc7 19. Rb3 Na6 20. Rfb1
exf4 21. Nxf4 Bg5 22. g3 Bxf4 23. gxf4 Nc5 24. Rb5 Nxa4 25. Ra1 a6 26. Rh5 Nc5
27. Rd5 Kc6 28. e5 Rfd8 29. d4 Nd3 30. Rxd6+ Rxd6 31. exd6 Re8 32. d5+ Kxd6 33.
Bxb6 Nc5 34. Ra5 Rc8 35. Bxc5+ Rxc5 36. Rxa6+ Kd7 37. Ra4 Rc7 38. Kf2 Rb7 39.
Ke3 1-0

[Event "SR 4. liga A21 2018/2019"]
[Site "?"]
[Date "2019.01.06"]
[Round "6.6"]
[White "Bajcar, Pavol"]
[Black "Sadlon, Juraj"]
[Result "0-1"]
[WhiteElo "1651"]
[BlackElo "1888"]
[PlyCount "53"]
[EventDate "2018.??.??"]
[WhiteTeam "ZŠK Vrbové B"]
[BlackTeam "CVÈ Brezová pod Bradlom"]

1. d4 Nf6 2. Bf4 c6 3. Nf3 d6 4. Nbd2 Bg4 5. e3 Nbd7 6. Bd3 g6 7. c3 Bg7 8. Qc2
a6 9. h3 Bxf3 10. Nxf3 c5 11. O-O O-O 12. Rfe1 Rc8 13. e4 cxd4 14. Nxd4 e5 15.
Ne2 exf4 16. Nxf4 Ne5 17. Rad1 Nxd3 18. Qxd3 Qb6 19. b3 Rfe8 20. g4 Qc6 21.
Qxd6 Qxd6 22. Rxd6 Nxe4 23. Rd7 Nc5 24. Rxe8+ Rxe8 25. Rc7 Be5 26. Rxc5 Bxf4
27. Rc7 0-1

[Event "SR 4. liga A21 2018/2019"]
[Site "?"]
[Date "2019.01.06"]
[Round "6.6"]
[White "Skapikova, Lubica"]
[Black "Cheben, Jozef"]
[Result "1/2-1/2"]
[WhiteElo "1863"]
[BlackElo "1568"]
[PlyCount "145"]
[EventDate "2018.??.??"]
[WhiteTeam "CVÈ Brezová pod Bradlom"]
[BlackTeam "ZŠK Vrbové B"]

1. e4 e5 2. Nf3 Nc6 3. Bb5 d6 4. c3 Nf6 5. d3 Be7 6. h3 Bd7 7. O-O O-O 8. Nbd2
a6 9. Ba4 b5 10. Bb3 Na5 11. Bc2 Qc8 12. Re1 c5 13. Nf1 Nc6 14. Ng3 b4 15. c4
Rb8 16. Nh2 Nd4 17. f4 exf4 18. Bxf4 Ne8 19. Nf3 Ne6 20. Be3 Bf6 21. Rb1 a5 22.
Nf5 Qc7 23. g4 Kh8 24. g5 Bd8 25. Qd2 g6 26. Ng3 N6g7 27. Kh2 Be6 28. Bd1 Qd7
29. h4 Bg4 30. Ng1 Qe6 31. Rf1 Rb7 32. Bxg4 Qxg4 33. Rf4 Qe6 34. b3 Kg8 35. d4
Bb6 36. d5 Qe5 37. Nf3 Qe7 38. h5 gxh5 39. Rh4 f6 40. Rg1 Qf7 41. Nf5 Kh8 42.
Nxg7 Nxg7 43. Rf4 Bd8 44. e5 dxe5 45. Nxe5 Qe8 46. Bxc5 Qxe5 47. Bxf8 fxg5 48.
Re1 Qxf4+ 49. Qxf4 gxf4 50. Kg2 Bh4 51. Re4 Bg3 52. Be7 Kg8 53. c5 Kf7 54. Bg5
Kg6 55. c6 Rf7 56. d6 Kxg5 57. d7 Kf5 58. Rxf4+ Bxf4 59. d8=Q Ne6 60. Qd5+ Be5
61. Qxa5 Rg7+ 62. Kf1 Rc7 63. Qxb4 Rxc6 64. a4 Rc1+ 65. Ke2 Rc2+ 66. Kd1 Rb2
67. Qc4 Nd4 68. Qd3+ Kf4 69. Qxh7 Ke3 70. Qh6+ Kd3 71. Qa6+ Ke3 72. Qh6+ Kd3
73. Qa6+ 1/2-1/2

[Event "SR 4. liga A21 2018/2019"]
[Site "?"]
[Date "2019.01.06"]
[Round "6.6"]
[White "Krchnak, Rudolf"]
[Black "Hanzluvka, Peter"]
[Result "0-1"]
[WhiteElo "1637"]
[BlackElo "1922"]
[PlyCount "116"]
[EventDate "2018.??.??"]
[WhiteTeam "ZŠK Vrbové B"]
[BlackTeam "CVÈ Brezová pod Bradlom"]

1. d4 d5 2. Nf3 b6 3. e3 Nf6 4. Bd3 e6 5. Nbd2 Bb7 6. Ne5 Be7 7. Qe2 O-O 8. O-O
c5 9. c3 Qc7 10. f4 Ne4 11. Qf3 f6 12. Ng4 Qc6 13. Qh3 Nd7 14. Nf3 a5 15. Bd2
Ba6 16. Bxa6 Rxa6 17. Nf2 c4 18. g4 b5 19. a3 Qc7 20. Qg2 e5 21. Nh3 h6 22. Be1
g5 23. fxe5 fxe5 24. Bg3 Bd6 25. Nxe5 Rxf1+ 26. Rxf1 Bxe5 27. dxe5 Nxe5 28.
Bxe5 Qxe5 29. Rf5 Qe6 30. Qf3 b4 31. axb4 axb4 32. cxb4 Ra1+ 33. Kg2 Ra2 34.
Qe2 Nf6 35. Nxg5 hxg5 36. Rxg5+ Kf7 37. Qc2 Qe4+ 38. Qxe4 Rxb2+ 39. Kf3 dxe4+
40. Kf4 Rxh2 41. Rc5 c3 42. g5 Rf2+ 43. Kg3 Rf3+ 44. Kg2 Ng4 45. Rxc3 Nxe3+ 46.
Kh1 Rf1+ 47. Kh2 Nd5 48. Rc4 e3 49. Re4 Kg6 50. Kg2 Rf5 51. b5 e2 52. b6 Rxg5+
53. Kf2 Rf5+ 54. Ke1 Nc3 55. Re3 Rf1+ 56. Kd2 Rd1+ 57. Kxc3 e1=Q+ 58. Rxe1 Rxe1
0-1

[Event "SR 4. liga A21 2018/2019"]
[Site "?"]
[Date "2019.01.06"]
[Round "6.6"]
[White "Sadlon, Matus"]
[Black "Oruzinsky, Juraj"]
[Result "1-0"]
[WhiteElo "1698"]
[BlackElo "1266"]
[PlyCount "107"]
[EventDate "2018.??.??"]
[WhiteTeam "CVÈ Brezová pod Bradlom"]
[BlackTeam "ZŠK Vrbové B"]

1. e4 e5 2. Nf3 Nc6 3. Bb5 Bc5 4. O-O d6 5. c3 Bg4 6. d3 h6 7. Nbd2 Nf6 8. Re1
a6 9. Ba4 b5 10. Bc2 O-O 11. Nf1 d5 12. Ng3 dxe4 13. dxe4 Qxd1 14. Rxd1 Bxf3
15. gxf3 Rad8 16. Be3 Bxe3 17. fxe3 Nh7 18. f4 Nf6 19. h3 Rfe8 20. Kf2 g6 21.
Kf3 h5 22. a4 h4 23. Ne2 exf4 24. exf4 Re6 25. Rxd8+ Nxd8 26. axb5 axb5 27. Ra8
Re8 28. Nd4 Ne6 29. Rxe8+ Nxe8 30. Nxb5 c6 31. Nd4 Nxd4+ 32. cxd4 Nc7 33. Ba4
Ne6 34. Ke3 c5 35. dxc5 Nxc5 36. Bc2 Kf8 37. Kd4 Ne6+ 38. Ke3 Ke7 39. Bb3 Nc5
40. Bd5 Na4 41. b4 f5 42. e5 Nc3 43. Bc6 Nd1+ 44. Kd4 Nf2 45. Bg2 Kd7 46. b5
Nd1 47. b6 Nb2 48. b7 Kc7 49. e6 g5 50. fxg5 f4 51. e7 f3 52. Bxf3 Na4 53. e8=Q
Nc5 54. b8=Q# 1-0

[Event "SR 4. liga A21 2018/2019"]
[Site "?"]
[Date "2019.01.20"]
[Round "7.1"]
[White "Jakubec, Milan"]
[Black "Nemeckay, Rastislav"]
[Result "1/2-1/2"]
[WhiteElo "2007"]
[BlackElo "1936"]
[PlyCount "87"]
[EventDate "2018.??.??"]
[WhiteTeam "ZÅ K VrbovÃ© B"]
[BlackTeam "Å K Å tefanov"]

1. e4 e5 2. Nf3 Nc6 3. Bb5 Nge7 4. d4 exd4 5. Nxd4 g6 6. Nxc6 Nxc6 7. Bxc6 bxc6
8. Qd4 f6 9. O-O Bg7 10. Qc4 Bb7 11. Nc3 Qe7 12. Re1 d6 13. Bf4 Qf7 14. Qb4 Bc8
$11 15. Qa4 Bd7 16. Qb3 O-O 17. Qxf7+ Kxf7 18. Rad1 Rab8 19. b3 Rfe8 20. Be3 a6
21. f3 h6 22. Bd4 Rbd8 23. Ne2 f5 24. Bxg7 Kxg7 25. exf5 Bxf5 26. Nd4 Bd7 27.
Rxe8 Rxe8 28. Kf2 Kf6 29. Re1 Rxe1 30. Kxe1 Ke5 31. Ne2 d5 32. Kd2 c5 33. g3
Bb5 34. Nf4 g5 35. Nd3+ Kd6 36. a4 Be8 37. f4 c4 38. bxc4 Bxa4 39. fxg5 hxg5
40. Nb4 dxc4 41. h4 gxh4 42. gxh4 a5 43. Na2 Ke5 44. Kc3 1/2-1/2

[Event "SR 4. liga A21 2018/2019"]
[Site "?"]
[Date "2019.01.20"]
[Round "7.1"]
[White "Vozarova, Adriana"]
[Black "Bajcar, Pavol"]
[Result "1-0"]
[WhiteElo "1615"]
[BlackElo "1651"]
[PlyCount "104"]
[EventDate "2018.??.??"]
[WhiteTeam "Å K Å tefanov"]
[BlackTeam "ZÅ K VrbovÃ© B"]

1. e4 e6 2. d4 d5 3. exd5 exd5 4. Bd3 Bd6 5. Ne2 Nf6 6. Bg5 Be6 7. O-O Nbd7 8.
Nf4 Bxf4 9. Bxf4 O-O 10. Nd2 Re8 11. Re1 c6 12. c3 Bg4 13. Qc2 Nf8 14. Nf1 Bh5
15. Ng3 Bg6 16. Nf5 Nh5 17. Rxe8 Qxe8 18. Bg5 Ne6 19. Ne7+ Kh8 20. Nxg6+ hxg6
21. Re1 Qd7 22. Bd2 Nef4 23. f3 Re8 24. Re3 Rxe3 25. Bxe3 Nxd3 26. Qxd3 Qe6 27.
Qd2 Nf6 28. Bf4 Nd7 29. Qe3 Qxe3+ 30. Bxe3 f6 31. Bf4 g5 32. Bd6 Kh7 33. Kf2
Kg6 34. g4 b5 35. Ke3 a5 36. b3 Kf7 37. Bc7 a4 38. Bd6 axb3 39. axb3 Ke6 40.
Bb4 Nb6 41. Bc5 Na8 42. Bb4 Nc7 43. Ba5 Ne8 44. Bb6 g6 45. Ba7 Ng7 46. Bb8 Kd7
47. h3 Ne6 48. b4 Ke7 49. Bg3 Nf8 50. Bh2 Nd7 51. Bg3 Nb6 52. Bc7 Nc4+ {
[ V tejto chvÃ^^li zaznel zvuk mobilu v niektorej z hromady vetroviek na
vesiaku. Pri kontrole sa zistilo, ze to bolo vo vetrovke P. Bajcara. Na
zÃ!klade toho bola priznanÃ! vÃ1/2hra jeho sÃ_|perke.]} 1-0

[Event "SR 4. liga A21 2018/2019"]
[Site "?"]
[Date "2019.01.20"]
[Round "7.1"]
[White "Lanyi, Frantisek"]
[Black "Klimes, Karel"]
[Result "0-1"]
[WhiteElo "1658"]
[BlackElo "1690"]
[PlyCount "98"]
[EventDate "2018.??.??"]
[WhiteTeam "ZÅ K VrbovÃ© B"]
[BlackTeam "Å K Å tefanov"]

1. d4 d5 2. c4 e6 3. Nc3 Nf6 4. Nf3 c5 5. cxd5 Nxd5 6. e4 cxd4 7. Nxd5 exd5 8.
exd5 Qa5+ 9. Bd2 Qxd5 10. Qa4+ Nc6 11. Qc4 Qxc4 12. Bxc4 Be6 13. Bb5 Bc5 14.
Rc1 Bb6 15. Bb4 f6 16. O-O Rc8 17. Rfd1 Kf7 18. Bxc6 Rxc6 19. Rxc6 bxc6 20. a4
a5 21. Be1 Bb3 22. Rd3 Bxa4 23. Ra3 Bd1 24. Bxa5 Bxa5 25. Rxa5 Bxf3 26. gxf3
Re8 27. Rc5 Re6 28. Rc4 Rd6 29. Kf1 Ke6 30. Ke2 Kd5 31. Kd3 c5 32. b4 cxb4 33.
Rxb4 Ke5 34. Rb7 g5 35. Rxh7 Kf4 36. Rh3 Ra6 37. Kxd4 Ra2 38. Rh6 f5 39. h4
gxh4 40. Rxh4+ Kxf3 41. Rh3+ Kg2 42. Rh5 f4 43. Rh4 f3 44. Ke3 Ra3+ 45. Kd2
Kxf2 46. Rh7 Ra2+ 47. Kd1 Kg1 48. Rg7+ Rg2 49. Rf7 f2 0-1

[Event "SR 4. liga A21 2018/2019"]
[Site "?"]
[Date "2019.01.20"]
[Round "7.1"]
[White "Wallner, Juraj"]
[Black "Madzo, Anton"]
[Result "1-0"]
[WhiteElo "1589"]
[BlackElo "1483"]
[PlyCount "73"]
[EventDate "2018.??.??"]
[WhiteTeam "Å K Å tefanov"]
[BlackTeam "ZÅ K VrbovÃ© B"]

1. e4 e5 2. Nf3 Nc6 3. d4 exd4 4. Nxd4 Nxd4 5. Qxd4 Qf6 6. Be3 Qxd4 7. Bxd4 b6
8. Bc4 Bb7 9. O-O f6 10. Re1 O-O-O 11. a4 c5 12. Bc3 Bd6 13. a5 Bc7 14. axb6
Bxb6 15. e5 d5 16. exd6 Nh6 17. Re7 Nf5 18. Be6+ Kb8 19. Bxf5 Rxd6 20. Nd2 Rhd8
21. Nc4 Rd1+ 22. Rxd1 Rxd1+ 23. Re1 Rxe1+ 24. Bxe1 g6 25. Nxb6 axb6 26. Bd3 Kc7
27. Bc3 f5 28. Bc4 Be4 29. Bd3 Bxd3 30. cxd3 Kd6 31. Kf1 Kd5 32. Ke2 b5 33. Ke3
b4 34. Bd2 b3 35. Bc3 g5 36. g3 Kd6 37. h4 1-0

[Event "SR 4. liga A21 2018/2019"]
[Site "?"]
[Date "2019.01.20"]
[Round "7.1"]
[White "Krchnak, Rudolf"]
[Black "Tomasovic, Roman"]
[Result "1-0"]
[WhiteElo "1637"]
[BlackElo "1548"]
[PlyCount "57"]
[EventDate "2018.??.??"]
[WhiteTeam "ZÅ K VrbovÃ© B"]
[BlackTeam "Å K Å tefanov"]

1. d4 d5 2. Nf3 e6 3. e3 Nf6 4. Bd3 Nc6 5. c3 Bd7 6. Nbd2 Be7 7. O-O Bd6 8. e4
Nxe4 9. Nxe4 dxe4 10. Bxe4 h6 11. Re1 O-O 12. Bc2 Ne7 13. Qd3 Ng6 14. h4 f5 15.
g3 Qf6 16. h5 Ne7 17. Ne5 Bc6 18. Nxc6 Nxc6 19. Qf3 e5 20. Be3 e4 21. Qh1 Rae8
22. Re2 f4 23. gxf4 Bxf4 24. Bxf4 Qxf4 25. Bxe4 Qg4+ 26. Kf1 Kh8 27. Rae1 Re6
28. d5 Rxe4 29. Qxe4 1-0

[Event "SR 4. liga A21 2018/2019"]
[Site "?"]
[Date "2019.01.20"]
[Round "7.2"]
[White "Musaev, Urmat"]
[Black "Pericka, Tomas"]
[Result "1/2-1/2"]
[WhiteElo "1840"]
[BlackElo "1960"]
[PlyCount "81"]
[EventDate "2018.??.??"]
[WhiteTeam "Å K KÃºpele PieÅ¡Å¥any B"]
[BlackTeam "CVÄŒ BrezovÃ¡ pod Bradlom"]

1. e4 c5 2. Nf3 Nc6 3. Nc3 g6 4. d4 cxd4 5. Nxd4 Bg7 6. Be3 Nf6 7. Be2 O-O 8.
O-O d5 9. Nxc6 bxc6 10. exd5 Nxd5 11. Nxd5 cxd5 12. Rb1 e5 13. Bc5 Re8 14. b4
d4 15. a4 Bb7 16. a5 Qd5 17. f3 a6 18. Bd3 f5 19. Qe2 Kh8 20. Bc4 Qd8 21. Bb6
Qh4 22. b5 Bh6 23. g3 Qh3 24. bxa6 Be3+ 25. Kh1 Bc6 26. Bb5 Bd5 27. c4 Bf7 28.
a7 f4 29. Qg2 Qe6 30. c5 Rec8 31. Qc2 g5 32. Ba6 fxg3 33. Bxc8 Qxc8 34. Qe4 Bf4
35. Rb2 Be8 36. hxg3 Qh3+ 37. Kg1 Be3+ 38. Rff2 Qxg3+ 39. Kh1 Qh3+ 40. Kg1 Qg3+
41. Kh1 1/2-1/2

[Event "SR 4. liga A21 2018/2019"]
[Site "?"]
[Date "2019.01.20"]
[Round "7.2"]
[White "Sadlon, Juraj"]
[Black "Curidlo, Jan"]
[Result "1-0"]
[WhiteElo "1888"]
[BlackElo "1827"]
[PlyCount "97"]
[EventDate "2018.??.??"]
[WhiteTeam "CVÄŒ BrezovÃ¡ pod Bradlom"]
[BlackTeam "Å K KÃºpele PieÅ¡Å¥any B"]

1. e4 c5 2. Nf3 a6 3. c3 d6 4. d4 cxd4 5. cxd4 g6 6. Be3 Bg7 7. Nc3 Nf6 8. Qd2
O-O 9. h3 b5 10. Bd3 Bb7 11. a3 Nbd7 12. O-O Re8 13. Rac1 Rc8 14. Rfe1 Nb6 15.
b3 Nbd7 16. Bh6 e5 17. Bxg7 Kxg7 18. b4 Rc7 19. Qe3 Qb8 20. d5 Rec8 21. Na2 Ba8
22. Rxc7 Rxc7 23. Rc1 Nb6 24. Rxc7 Qxc7 25. Nd2 Bb7 26. Nb3 Nc4 27. Qc1 Ne8 28.
Bxc4 bxc4 29. Na5 f5 30. Nxb7 Qxb7 31. Qxc4 fxe4 32. Nc3 e3 33. fxe3 Qb6 34.
Kf2 Qd8 35. Qxa6 Qh4+ 36. Kf1 Kh6 37. Qd3 Nf6 38. b5 Nh5 39. Ne4 Qd8 40. a4 Ng7
41. Ng3 Ne8 42. Qc4 Qg5 43. Kf2 Qf6+ 44. Kg1 Qg5 45. Nf1 Qd8 46. a5 Qb8 47. b6
Qd8 48. Qc6 Nf6 49. a6 1-0

[Event "SR 4. liga A21 2018/2019"]
[Site "?"]
[Date "2019.01.20"]
[Round "7.2"]
[White "Bardik, Jozef"]
[Black "Pericka, Pavol"]
[Result "1-0"]
[WhiteElo "1851"]
[BlackElo "1777"]
[PlyCount "65"]
[EventDate "2018.??.??"]
[WhiteTeam "Å K KÃºpele PieÅ¡Å¥any B"]
[BlackTeam "CVÄŒ BrezovÃ¡ pod Bradlom"]

1. d4 d5 2. c4 c6 3. e3 Nf6 4. Nc3 Nbd7 5. Bd2 e5 6. c5 e4 7. Be2 Be7 8. f3 O-O
9. fxe4 Nxe4 10. Nxe4 dxe4 11. Bc4 Nf6 12. Ne2 Bg4 13. Qc2 Bh5 14. Nf4 Bg6 15.
Nxg6 hxg6 16. O-O-O b6 17. cxb6 axb6 18. Kb1 Qb8 19. Rdf1 Qb7 20. g4 c5 21. Qb3
Bd6 22. g5 Nh5 23. Bd5 Qc7 24. Bxa8 Rxa8 25. dxc5 bxc5 26. Qd5 Rb8 27. Bc3 Rd8
28. Rd1 Be7 29. Qxe4 Bxg5 30. Rxd8+ Bxd8 31. Rd1 Nf6 32. Qa8 Nd7 33. Qd5 1-0

[Event "SR 4. liga A21 2018/2019"]
[Site "?"]
[Date "2019.01.20"]
[Round "7.2"]
[White "Skapik, Branislav"]
[Black "Musaev, Matej Elbek"]
[Result "0-1"]
[WhiteElo "1769"]
[BlackElo "1747"]
[PlyCount "50"]
[EventDate "2018.??.??"]
[WhiteTeam "CVÄŒ BrezovÃ¡ pod Bradlom"]
[BlackTeam "Å K KÃºpele PieÅ¡Å¥any B"]

1. c4 e5 2. Nc3 Nf6 3. d3 d5 4. cxd5 Nxd5 5. Nxd5 Qxd5 6. Nf3 Nc6 7. e3 f6 8.
a3 Be6 9. Be2 O-O-O 10. O-O g5 11. Ne1 h5 12. e4 Qd7 13. Be3 g4 14. f4 exf4 15.
Bxf4 Bc5+ 16. Kh1 h4 17. Qc1 Bb6 18. Nc2 g3 19. Be3 h3 20. Bxb6 hxg2+ 21. Kxg2
Rxh2+ 22. Kg1 axb6 23. Rxf6 Ne5 24. Ne3 Qd4 25. Qd2 Nc4 0-1

[Event "SR 4. liga A21 2018/2019"]
[Site "?"]
[Date "2019.01.20"]
[Round "7.2"]
[White "Sedlak, Rastislav"]
[Black "Sadlon, Matus"]
[Result "0-1"]
[WhiteElo "1655"]
[BlackElo "1698"]
[PlyCount "136"]
[EventDate "2018.??.??"]
[WhiteTeam "Å K KÃºpele PieÅ¡Å¥any B"]
[BlackTeam "CVÄŒ BrezovÃ¡ pod Bradlom"]

1. e4 e5 2. Nf3 Nc6 3. Bc4 Nf6 4. d3 Be7 5. O-O O-O 6. Bg5 d6 7. h3 a6 8. c3
Na5 9. Bb3 Nxb3 10. Qxb3 c6 11. Nbd2 Qc7 12. Rfe1 Be6 13. Qc2 c5 14. a4 b5 15.
axb5 axb5 16. b3 Ra7 17. Ra2 Rfa8 18. Rea1 Nh5 19. Be3 Nf4 20. Bxf4 exf4 21. d4
Bf6 22. d5 Bc8 23. Rxa7 Rxa7 24. Rxa7 Qxa7 25. c4 Qa1+ 26. Qb1 Qxb1+ 27. Nxb1
bxc4 28. bxc4 Ba6 29. Nbd2 Kf8 30. Kf1 Ke8 31. Ke2 Kd7 32. Kd3 Kc7 33. g3 fxg3
34. fxg3 Kb6 35. Nb3 Bc8 36. h4 h6 37. Ke3 Bd7 38. Kf4 Ba4 39. Nbd2 Bc3 40. Nb1
Bb2 41. e5 Bc2 42. Nbd2 Kc7 43. exd6+ Kxd6 44. Ne4+ Ke7 45. Nxc5 Bc1+ 46. Ke5
Bb2+ 47. Kf4 f6 48. Ne4 Bc1+ 49. Nfd2 Bxe4 50. Kxe4 Bxd2 51. c5 g6 52. g4 Bb4
53. Kd4 h5 54. gxh5 gxh5 55. d6+ Ke6 56. Kc4 Be1 57. Kb5 Kd7 58. Kb6 Bf2 59.
Kb5 f5 60. Kc4 Kc6 61. d7 Kxd7 62. Kd5 Bg3 63. c6+ Kc7 64. Ke6 f4 65. Kf5 f3
66. Kg5 f2 67. Kxh5 f1=Q 68. Kg4 Qf4+ 0-1

[Event "SR 4. liga A21 2018/2019"]
[Site "?"]
[Date "2019.01.20"]
[Round "7.3"]
[White "Vagovic, Milan"]
[Black "Diviak, Rastislav"]
[Result "1/2-1/2"]
[WhiteElo "1691"]
[BlackElo "1984"]
[PlyCount "88"]
[EventDate "2018.??.??"]
[WhiteTeam "Å K KamenÃ¡r Chtelnica"]
[BlackTeam "CVÄŒ Senica B"]

1. d4 g6 2. c4 Bg7 3. Nc3 d6 4. Nf3 Nf6 5. e4 O-O 6. Be2 e5 7. d5 a5 8. O-O Ne8
9. Ne1 f5 10. f3 Nf6 11. Bg5 h6 12. Bd2 f4 13. Nd3 Na6 14. a3 Bd7 15. b4 axb4
16. axb4 b6 17. b5 Nc5 18. Nb4 g5 19. Nc6 Bxc6 20. bxc6 Qe7 21. Nb5 g4 22. Qc2
Kh8 23. Ra7 Rxa7 24. Nxa7 Rg8 25. Nb5 gxf3 26. Bxf3 Ne8 27. Ra1 Bf6 28. Bb4 Qg7
29. Bxc5 bxc5 30. Ra8 Qg5 31. Qe2 Bd8 32. Ra7 Rg7 33. Ra8 Rg8 34. Rc8 Kh7 35.
Qd1 Rg7 36. Qa1 Qh4 37. Qf1 Qg5 38. Qa1 Qh4 39. Qf1 Qg5 40. Qe2 Rg8 41. Kf1 Qh4
42. Kg1 Qg5 43. Kh1 Qh4 44. Kg1 Qg5 1/2-1/2

[Event "SR 4. liga A21 2018/2019"]
[Site "?"]
[Date "2019.01.20"]
[Round "7.3"]
[White "Diviak, Rudolf"]
[Black "Piestansky, Jan"]
[Result "1/2-1/2"]
[WhiteElo "1758"]
[BlackElo "1642"]
[PlyCount "78"]
[EventDate "2018.??.??"]
[WhiteTeam "CVÄŒ Senica B"]
[BlackTeam "Å K KamenÃ¡r Chtelnica"]

1. e4 e5 2. Nf3 d6 3. Bc4 h6 4. c3 Nf6 5. d3 Be7 6. O-O O-O 7. Re1 Nc6 8. Bb3
Re8 9. Nbd2 Be6 10. Bc2 Nh7 11. Nf1 f5 12. exf5 Bxf5 13. Ng3 Bg6 14. Bb3+ Kh8
15. Be3 Rf8 16. Qd2 Bf7 17. Bc2 Bd5 18. Ne4 Nf6 19. Nh4 Bxe4 20. dxe4 Kh7 21.
Nf5 Ng4 22. Qd1 Nxe3 23. Rxe3 g6 24. Nxe7 Qxe7 25. Qd2 Qg7 26. Rd1 Rf6 27. Qe2
Raf8 28. Rf1 b6 29. Ba4 Nb8 30. Bb3 a5 31. a3 Nc6 32. Qb5 Nd8 33. Bd5 Ne6 34.
g3 Qe7 35. Kg2 Kg7 36. f3 Qd8 37. Qc4 Qe7 38. b4 axb4 39. cxb4 Nd4 1/2-1/2

[Event "SR 4. liga A21 2018/2019"]
[Site "?"]
[Date "2019.01.20"]
[Round "7.3"]
[White "Pripko, Bystrik"]
[Black "Drozd, Jan"]
[Result "1-0"]
[WhiteElo "1654"]
[BlackElo "1525"]
[PlyCount "101"]
[EventDate "2018.??.??"]
[WhiteTeam "Å K KamenÃ¡r Chtelnica"]
[BlackTeam "CVÄŒ Senica B"]

1. e4 c5 2. Nf3 Nc6 3. c4 d6 4. Be2 Nf6 5. d3 e6 6. O-O Be7 7. Nc3 O-O 8. h3 a6
9. a3 Bd7 10. Rb1 Rb8 11. Bd2 b5 12. b3 Nd4 13. Nxd4 cxd4 14. Na2 bxc4 15. bxc4
d5 16. cxd5 exd5 17. e5 Ne8 18. Nb4 Nc7 19. Nc2 Nb5 20. Qc1 Rc8 21. Qb2 Rxc2
22. Qxc2 Nxa3 23. Qa2 Nxb1 24. Rxb1 Bb5 25. Qb3 Qa8 26. f4 f5 27. Bf3 Bc6 28.
Qb6 Kh8 29. Qxd4 Rc8 30. Kh2 h6 31. Rc1 Rb8 32. g4 Ba3 33. Rc2 fxg4 34. hxg4
Be7 35. f5 Rf8 36. Bc3 Qd8 37. Bd2 Bb7 38. Rb2 Bc6 39. Rb6 Bb5 40. Rg6 Kh7 41.
Re6 Bg5 42. Rd6 Qe7 43. Bb4 Qc7 44. Rxd5 Qc2+ 45. Kg3 Bh4+ 46. Kh3 Bf2 47. Qe4
Bg1 48. f6+ Kg8 49. Bg2 Bc6 50. Qg6 Rf7 51. Rd8+ 1-0

[Event "SR 4. liga A21 2018/2019"]
[Site "?"]
[Date "2019.01.20"]
[Round "7.3"]
[White "Bazovsky, Max"]
[Black "Kuracina, Lubomir"]
[Result "1-0"]
[WhiteElo "1290"]
[BlackElo "1464"]
[PlyCount "61"]
[EventDate "2018.??.??"]
[WhiteTeam "CVÄŒ Senica B"]
[BlackTeam "Å K KamenÃ¡r Chtelnica"]

1. d4 d5 2. e3 e6 3. Bd3 a6 4. Nd2 c5 5. c3 Nc6 6. f4 b5 7. Ngf3 h6 8. O-O Nf6
9. Ne5 Qc7 10. a4 Rb8 11. axb5 axb5 12. Qe2 c4 13. Bc2 Bd6 14. Rf3 Nd7 15. Rg3
Be7 16. Rxg7 Ndxe5 17. fxe5 Bg5 18. Nf3 Kf8 19. Rxg5 hxg5 20. Nxg5 Ke7 21. Qf3
Rf8 22. Qf6+ Ke8 23. Qg7 Ne7 24. Nh7 Rg8 25. Nf6+ Kd8 26. Nxg8 Nxg8 27. Qxg8+
Ke7 28. e4 Bb7 29. Bg5+ Kd7 30. Qxf7+ Kc6 31. Qxe6+ 1-0